[Event "FRA-chT U20 16 GP Basse 1011"]
[Site "France"]
[Date "2011.06.13"]
[Round "11"]
[White "Barbotte, Pierre"]
[Black "Guedon, Sosthene"]
[Result "0-1"]
[WhiteElo "1530"]
[BlackElo "1587"]
[PlyCount "142"]
[EventDate "2010.06.20"]
[EventType "team-tourn"]
[EventRounds "11"]
[EventCountry "FRA"]
[SourceTitle "EXT 2015"]
[Source "ChessBase"]
[SourceDate "2014.11.20"]
[SourceVersion "1"]
[SourceVersionDate "2014.11.20"]
[SourceQuality "1"]
[WhiteTeam "Niort (U20)"]
[BlackTeam "Lyon (U20)"]
[WhiteTeamCountry "FRA"]
[BlackTeamCountry "FRA"]

1. e4 c5 2. Nc3 Nc6 3. Nge2 g6 4. g3 Bg7 5. Bg2 d6 6. 0-0 e6 7. d3 Nge7 8. Be3 0-0 9. Qd2 Rb8 10. Rad1 b5 11. d4 b4 12. Na4 cxd4 13. Nxd4 Ne5 14. h3 Nc4 15. Qc1 Ba6 16. Rfe1 Nxe3 17. Qxe3 d5 18. b3 e5 19. Ne2 d4 20. Qc1 Rc8 21. Qb1 Qa5 22. Kh2 Bb5 23. Nb2 Qa6 24. Bf1 Qc6 25. Bg2 Qxc2 26. Rc1 Qxb1 27. Rxb1 Rc2 28. Bf1 d3 29. Nxd3 Bxd3 30. f3 Rxe2+ 31. Bxe2 Bxb1 32. Rxb1 Rc8 33. Bc4 Rd8 34. Kg1 Rd2 35. Ra1 Kf8 36. Bb5 f5 37. a3 bxa3 38. Rxa3 Bh6 39. Kf1 Be3 40. b4 Bb6 41. Ke1 Rb2 42. Bc4 Rxb4 43. Be6 fxe4 44. fxe4 Rxe4+ 45. Kd2 Nf5 46. Rf3 Re3 47. Rf1 Ba5+ 48. Kc2 Re1 49. Rf3 e4 50. Rf4 Bc7 51. Rf2 Bxg3 52. Rd2 Ne3+ 53. Kb3 Rb1+ 54. Ka4 a5 55. Rd7 Rb4+ 56. Kxa5 Be1 57. Ka6 Ra4+ 58. Kb6 Nc4+ 59. Kb5 Rb4+ 60. Kc5 Ne5 61. Rxh7 Nd3+ 62. Kd5 Nf4+ 63. Ke5 Nxe6 64. Kf6 Bc3+ 65. Kxe6 e3 66. Rf7+ Kg8 67. Rf3 Re4+ 68. Kd5 Re5+ 69. Kc4 e2 70. Rg3 e1Q 71. Rxg6+ Kf7 0-1

[Event "FRA-chT U20 16 GP Basse 1011"]
[Site "France"]
[Date "2011.06.12"]
[Round "10"]
[White "Ferrari, Louis"]
[Black "Barbotte, Pierre"]
[Result "1-0"]
[WhiteElo "1660"]
[BlackElo "1530"]
[PlyCount "51"]
[EventDate "2010.06.20"]
[EventType "team-tourn"]
[EventRounds "11"]
[EventCountry "FRA"]
[SourceTitle "EXT 2015"]
[Source "ChessBase"]
[SourceDate "2014.11.20"]
[SourceVersion "1"]
[SourceVersionDate "2014.11.20"]
[SourceQuality "1"]
[WhiteTeam "Hyeres (U20)"]
[BlackTeam "Niort (U20)"]
[WhiteTeamCountry "FRA"]
[BlackTeamCountry "FRA"]

1. c4 d6 2. Nc3 Nf6 3. Nf3 g6 4. g3 Bg7 5. Bg2 0-0 6. 0-0 c6 7. d4 Qc7 8. Bd2 Nbd7 9. Qc1 b6 10. Bh6 Bb7 11. Bxg7 Kxg7 12. Nh4 e5 13. Qd2 Rae8 14. d5 c5 15. Nb5 Qb8 16. Qg5 h6 17. Nf5+ Kg8 18. Nxh6+ Kg7 19. Nf5+ Kg8 20. Nbxd6 Rd8 21. Nh6+ Kg7 22. Nhf5+ Kg8 23. Nh6+ Kg7 24. Nhf5+ Kg8 25. Ne7+ Kg7 26. Ndf5+ 1-0

[Event "FRA-chTB U20 1011"]
[Site "France"]
[Date "2010.12.18"]
[Round "4.6"]
[White "Hug, Roxana"]
[Black "Barbotte, Pierre"]
[Result "1/2-1/2"]
[WhiteElo "1560"]
[BlackElo "1470"]
[PlyCount "24"]
[EventDate "2010.11.20"]
[EventType "team-tourn"]
[EventRounds "7"]
[EventCountry "FRA"]
[SourceTitle "EXT 2012"]
[Source "ChessBase"]
[SourceDate "2011.11.24"]
[SourceVersion "1"]
[SourceVersionDate "2011.11.24"]
[SourceQuality "1"]
[WhiteTeam "Mulhouse"]
[BlackTeam "Niort"]
[WhiteTeamCountry "FRA"]
[BlackTeamCountry "FRA"]

1. e4 d6 2. d4 Nf6 3. Nc3 g6 4. Nf3 Bg7 5. Bc4 0-0 6. 0-0 Na6 7. a3 c5 8. Be3 Bg4 9. h3 Bxf3 10. Qxf3 Qc7 11. Be2 Qb6 12. Na4 Qc6 1/2-1/2

[Event "FRA-chTB U20 1011"]
[Site "France"]
[Date "2010.11.21"]
[Round "2.6"]
[White "Barbotte, Pierre"]
[Black "Kieffer, Anatole"]
[Result "0-1"]
[WhiteElo "1470"]
[BlackElo "1671"]
[PlyCount "142"]
[EventDate "2010.11.20"]
[EventType "team-tourn"]
[EventRounds "7"]
[EventCountry "FRA"]
[SourceTitle "EXT 2012"]
[Source "ChessBase"]
[SourceDate "2011.11.24"]
[SourceVersion "1"]
[SourceVersionDate "2011.11.24"]
[SourceQuality "1"]
[WhiteTeam "Niort"]
[BlackTeam "Clichy"]
[WhiteTeamCountry "FRA"]
[BlackTeamCountry "FRA"]

1. e4 e5 2. Nc3 Nf6 3. g3 Nc6 4. Bg2 Bb4 5. Nge2 0-0 6. 0-0 d6 7. a3 Ba5 8. b4 Bb6 9. Na4 Be6 10. Nxb6 axb6 11. h3 Nxb4 12. Bb2 Nc6 13. d3 Qd7 14. Kh2 Ne8 15. Qd2 Qe7 16. f4 Bd7 17. Rae1 Nf6 18. Ng1 Ra5 19. f5 Na7 20. c4 Ra6 21. Ra1 b5 22. Rfe1 bxc4 23. dxc4 Bc6 24. Qe2 b6 25. Rab1 Ba8 26. c5 Ra4 27. cxb6 cxb6 28. Ra1 Bxe4 29. Bxe4 Rxe4 30. Qf1 Nd7 31. Qg2 Ra4 32. Rf1 Nf6 33. g4 h6 34. Rae1 Nh7 35. Nf3 Ng5 36. Nxg5 Qxg5 37. Bc1 Qh4 38. g5 hxg5 39. Bxg5 Qh7 40. f6 g6 41. Qd2 Rxa3 42. Re3 Rxe3 43. Qxe3 Qh5 44. Rg1 Rc8 45. Qxb6 Rc2+ 46. Rg2 Rxg2+ 47. Kxg2 Qxg5+ 48. Kh2 Qxf6 49. Qxa7 Kg7 50. Qg1 Qf4+ 51. Kh1 f5 52. Qa7+ Kf6 53. Qd7 e4 54. Qd8+ Ke5 55. Qe8+ Kd4 56. Qxg6 Qe5 57. Qg1+ Kd5 58. Qd1+ Qd4 59. Qb3+ Ke5 60. Qb5+ Qd5 61. Qe8+ Kf4 62. Qh5 e3+ 63. Kg1 Qg8+ 64. Kf1 Qc4+ 65. Kg1 Qc1+ 66. Kh2 Qd2+ 67. Kg1 Qe1+ 68. Kh2 Qf2+ 69. Kh1 Qf3+ 70. Qxf3+ Kxf3 71. Kg1 e2 0-1

[Event "FRA-chTB U20 1011"]
[Site "France"]
[Date "2010.11.21"]
[Round "3.6"]
[White "O'Sullivan, Thomas"]
[Black "Barbotte, Pierre"]
[Result "1-0"]
[WhiteElo "1813"]
[BlackElo "1470"]
[PlyCount "67"]
[EventDate "2010.11.20"]
[EventType "team-tourn"]
[EventRounds "7"]
[EventCountry "FRA"]
[SourceTitle "EXT 2012"]
[Source "ChessBase"]
[SourceDate "2011.11.24"]
[SourceVersion "1"]
[SourceVersionDate "2011.11.24"]
[SourceQuality "1"]
[WhiteTeam "Villepinte"]
[BlackTeam "Niort"]
[WhiteTeamCountry "FRA"]
[BlackTeamCountry "FRA"]

1. d4 d5 2. c4 e6 3. Nc3 c6 4. Nf3 f5 5. Bf4 Nf6 6. Bg5 Nbd7 7. e3 Bd6 8. Bd3 0-0 9. 0-0 h6 10. Bxf6 Nxf6 11. cxd5 exd5 12. Ne5 Re8 13. f4 Ng4 14. Qd2 Nxe5 15. fxe5 Bc7 16. Bxf5 Bxf5 17. Rxf5 Rf8 18. Rxf8+ Qxf8 19. Rc1 Ba5 20. Qd3 Rc8 21. e4 dxe4 22. Qxe4 Bxc3 23. Rxc3 Qf7 24. d5 Rf8 25. Rf3 Qe7 26. d6 Qd8 27. Rxf8+ Kxf8 28. Qf5+ Kg8 29. d7 b5 30. e6 Kh8 31. Qf7 Kh7 32. e7 Qxd7 33. e8Q Qd1+ 34. Qf1 1-0

[Event "FRA-chTB U20 1011"]
[Site "France"]
[Date "2010.11.20"]
[Round "1.6"]
[White "Barbotte, Pierre"]
[Black "Machiels, Etienne"]
[Result "0-1"]
[WhiteElo "1470"]
[BlackElo "1573"]
[PlyCount "120"]
[EventDate "2010.11.20"]
[EventType "team-tourn"]
[EventRounds "7"]
[EventCountry "FRA"]
[SourceTitle "EXT 2012"]
[Source "ChessBase"]
[SourceDate "2011.11.24"]
[SourceVersion "1"]
[SourceVersionDate "2011.11.24"]
[SourceQuality "1"]
[WhiteTeam "Niort"]
[BlackTeam "Sautron"]
[WhiteTeamCountry "FRA"]
[BlackTeamCountry "FRA"]

1. e4 e5 2. Nc3 Bc5 3. g3 Nc6 4. Bg2 d6 5. Nge2 Nge7 6. 0-0 0-0 7. d3 Be6 8. Na4 Bb6 9. Nxb6 axb6 10. f4 g6 11. Be3 Qd7 12. Qd2 d5 13. fxe5 Nxe5 14. Bh6 Rfd8 15. Qg5 Ng4 16. Rae1 Nxh6 17. Qxh6 dxe4 18. Bxe4 Bd5 19. a3 Bxe4 20. dxe4 Qd2 21. Qxd2 Rxd2 22. Nf4 Rxc2 23. Rf2 Rxf2 24. Kxf2 Rd8 25. Ke3 c5 26. h4 Kf8 27. Rf1 Rd6 28. g4 Ke8 29. Rh1 Kd8 30. h5 g5 31. Nh3 h6 32. e5 Re6 33. Rd1+ Kc7 34. Nf2 Rxe5+ 35. Ne4 f5 36. gxf5 Nxf5+ 37. Kf3 Nd4+ 38. Ke3 Kc6 39. b4 Nf5+ 40. Kf3 Nd4+ 41. Ke3 Kb5 42. bxc5 bxc5 43. Rb1+ Kc6 44. a4 Kd5 45. Rxb7 Rxe4+ 46. Kd3 c4+ 47. Kc3 Re3+ 48. Kd2 Re6 49. Kc3 Kc5 50. Rc7+ Rc6 51. Rd7 Nb3 52. Rf7 Nd4 53. Rd7 Rd6 54. Re7 Nc6 55. Re4 Rd3+ 56. Kc2 Nd4+ 57. Kc1 Kb4 58. Re2 Nxe2+ 59. Kc2 c3 60. Kb1 Kb3 0-1